[Event "Mittelrhein Regionalliga 1718"]
[Site "Nordrheinwestfalen"]
[Date "2018.01.14"]
[Round "5.7"]
[White "Lorenz, Steffen"]
[Black "Wagner, Rainer"]
[Result "1-0"]
[WhiteElo "1907"]
[BlackElo "1990"]
[PlyCount "67"]
[EventDate "2017.09.10"]
[EventType "team-tourn"]
[EventRounds "9"]
[EventCountry "GER"]
[SourceTitle "EXT 2022"]
[Source "ChessBase"]
[SourceDate "2021.10.06"]
[SourceVersion "1"]
[SourceVersionDate "2021.10.06"]
[SourceQuality "1"]
[WhiteTeam "Bonn Beuel"]
[BlackTeam "Bonn Stadtverwaltung"]
[WhiteTeamCountry "GER"]
[BlackTeamCountry "GER"]

1. e4 c5 2. Nf3 Nc6 3. d4 cxd4 4. Nxd4 Qc7 5. Nc3 e6 6. Be3 a6 7. Qd2 Nf6 8. Bd3 Ng4 9. Nxc6 Nxe3 10. Qxe3 Qxc6 11. 0-0-0 Be7 12. f4 0-0 13. g4 b5 14. e5 Bb7 15. Be4 Qc7 16. Qd3 Bxe4 17. Nxe4 Rac8 18. h3 Qa5 19. Kb1 Rfd8 20. f5 Bf8 21. f6 g6 22. h4 b4 23. Nd6 Rc3 24. bxc3 bxc3 25. Ka1 Rb8 26. Rb1 Rb2 27. Rxb2 cxb2+ 28. Kb1 Qxe5 29. Ne8 d5 30. h5 Qb8 31. Ng7 Qf4 32. hxg6 fxg6 33. Nxe6 Qxf6 34. Nxf8 1-0

[Event "Mittelrhein Verbandsliga-O 15/16"]
[Site "Nordrheinwestfalen"]
[Date "2016.05.01"]
[Round "11"]
[White "Schott, Guido"]
[Black "Lorenz, Steffen"]
[Result "1/2-1/2"]
[WhiteElo "2016"]
[BlackElo "1963"]
[PlyCount "40"]
[EventDate "2015.09.06"]
[EventType "team-tourn"]
[EventRounds "11"]
[EventCountry "GER"]
[SourceTitle "EXT 2022"]
[Source "ChessBase"]
[SourceDate "2021.10.06"]
[SourceVersion "1"]
[SourceVersionDate "2021.10.06"]
[SourceQuality "1"]
[WhiteTeam "Hennef"]
[BlackTeam "Bonn Beuel II"]
[WhiteTeamCountry "GER"]
[BlackTeamCountry "GER"]

1. e4 d6 2. d4 Nf6 3. Nc3 g6 4. g3 Bg7 5. Bg2 0-0 6. Nge2 e5 7. h3 Nc6 8. dxe5 dxe5 9. Bg5 Be6 10. Nd5 Bxd5 11. exd5 Ne7 12. c4 Qd6 13. 0-0 Nd7 14. Nc3 Nf5 15. Nb5 Qb6 16. g4 Nd4 17. Nxd4 exd4 18. Qd2 Ne5 19. Rac1 c5 20. dxc6 Nxc6 1/2-1/2

[Event "Mittelrhein Regionalliga 1415"]
[Site "Mittelrhein"]
[Date "2015.02.01"]
[Round "6.8"]
[White "Lorenz, Steffen"]
[Black "Schwartz, Dirk"]
[Result "1-0"]
[WhiteElo "1903"]
[BlackElo "1868"]
[PlyCount "41"]
[EventDate "2014.09.28"]
[EventType "team-tourn"]
[EventRounds "9"]
[EventCountry "GER"]
[SourceTitle "EXT 2023"]
[Source "ChessBase"]
[SourceDate "2022.10.05"]
[SourceVersion "1"]
[SourceVersionDate "2022.10.05"]
[SourceQuality "1"]
[WhiteTeam "Bonn Beuel"]
[BlackTeam "Rheinbacher SF"]
[WhiteTeamCountry "GER"]
[BlackTeamCountry "GER"]

1. e4 d6 2. d4 c6 3. Nc3 Nd7 4. f4 e5 5. Nf3 Qc7 6. Bc4 Be7 7. fxe5 dxe5 8. dxe5 Nxe5 9. Bf4 Bd6 10. Nxe5 Bxe5 11. Bxf7+ Qxf7 12. Bxe5 Nf6 13. 0-0 Bg4 14. Qd4 0-0 15. Bxf6 gxf6 16. e5 f5 17. Ne4 Qe6 18. Nf6+ Kh8 19. Rae1 Rad8 20. Qc3 f4 21. Nxg4 1-0

[Event "Troisdorf op"]
[Site "Troisdorf"]
[Date "2013.11.05"]
[Round "3"]
[White "Akstinat, Sven Holger"]
[Black "Lorenz, Steffen"]
[Result "1-0"]
[WhiteElo "2081"]
[BlackElo "1984"]
[PlyCount "119"]
[EventDate "2013.10.22"]
[EventType "swiss"]
[EventRounds "7"]
[EventCountry "GER"]
[SourceTitle "EXT 2016"]
[Source "ChessBase"]
[SourceDate "2015.10.08"]
[SourceVersion "1"]
[SourceVersionDate "2015.10.08"]
[SourceQuality "1"]

1. e4 c5 2. c3 Nf6 3. e5 Nd5 4. d4 cxd4 5. Nf3 Nc6 6. Bc4 Nb6 7. Bb3 d5 8. exd6 Qxd6 9. 0-0 dxc3 10. Qxd6 exd6 11. Re1+ Be7 12. Nxc3 0-0 13. Bf4 Bg4 14. Nd5 Nxd5 15. Bxd5 Rfe8 16. h3 Bd7 17. Ng5 Bxg5 18. Bxg5 Be6 19. Bf3 Nd4 20. Be4 d5 21. Bd3 Bf5 22. Red1 f6 23. Be3 Bxd3 24. Rxd3 Nc2 25. Rad1 Nxe3 26. fxe3 Rad8 27. Rxd5 Rxd5 28. Rxd5 Re7 29. Kf2 Rc7 30. Kf3 Kf7 31. Rb5 Ke6 32. h4 g6 33. Rb4 b6 34. Rb5 Kd6 35. Rb3 Rc5 36. Rb4 Ke6 37. Re4+ Kd6 38. b4 Rc2 39. a4 a6 40. g3 b5 41. axb5 axb5 42. Re8 Kd5 43. Re7 Kc4 44. Rxh7 Kxb4 45. Rg7 Rc6 46. Rxg6 Kc5 47. h5 b4 48. h6 Rc8 49. Rxf6 b3 50. Kg4 b2 51. Rf1 Kc4 52. Rb1 Rb8 53. Kh4 Kc3 54. g4 Kc2 55. Rxb2+ Kxb2 56. g5 Kc3 57. Kh5 Kd3 58. g6 Rh8 59. g7 Rg8 60. Kg6 1-0

[Event "Troisdorf op"]
[Site "Troisdorf"]
[Date "2012.11.13"]
[Round "4"]
[White "Lorenz, Steffen"]
[Black "Schwarz, Andreas"]
[Result "1/2-1/2"]
[WhiteElo "1995"]
[BlackElo "1912"]
[PlyCount "26"]
[EventDate "2012.10.23"]
[EventType "swiss"]
[EventRounds "7"]
[EventCountry "GER"]
[SourceTitle "EXT 2014"]
[Source "ChessBase"]
[SourceDate "2013.11.20"]
[SourceVersion "1"]
[SourceVersionDate "2013.11.20"]
[SourceQuality "1"]

1. e4 c6 2. d4 d5 3. Nc3 dxe4 4. Nxe4 Nf6 5. Nxf6+ exf6 6. Nf3 Bf5 7. Bd3 Bxd3 8. Qxd3 Bd6 9. 0-0 0-0 10. c4 Na6 11. Be3 Nc5 12. Qc2 Ne6 13. Rfd1 Qc7 1/2-1/2

[Event "Troisdorf op"]
[Site "Troisdorf"]
[Date "2012.11.06"]
[Round "3"]
[White "Bussard, Christian"]
[Black "Lorenz, Steffen"]
[Result "1/2-1/2"]
[WhiteElo "2106"]
[BlackElo "1995"]
[PlyCount "80"]
[EventDate "2012.10.23"]
[EventType "swiss"]
[EventRounds "7"]
[EventCountry "GER"]
[SourceTitle "EXT 2014"]
[Source "ChessBase"]
[SourceDate "2013.11.20"]
[SourceVersion "1"]
[SourceVersionDate "2013.11.20"]
[SourceQuality "1"]

1. Nf3 Nf6 2. d4 g6 3. c4 Bg7 4. Nc3 0-0 5. e4 d6 6. Be2 e5 7. dxe5 dxe5 8. Qxd8 Rxd8 9. Bg5 Re8 10. 0-0-0 Nc6 11. Bxf6 Bxf6 12. Nd5 Bd8 13. h3 Nd4 14. Nxd4 exd4 15. Rxd4 c6 16. Nc3 Bb6 17. Rd3 Bxf2 18. Rf1 Bh4 19. Rdf3 Be6 20. e5 Bg5+ 21. Kc2 Bf5+ 22. Rxf5 gxf5 23. Rxf5 h6 24. Bh5 Re7 25. Ne4 f6 26. Nxg5 fxg5 27. e6 Rd8 28. Kc3 Rd6 29. Bf7+ Kg7 30. h4 gxh4 31. Rf4 Rdxe6 32. Bxe6 Rxe6 33. Rxh4 Rg6 34. Re4 Rxg2 35. Re7+ Kg6 36. Rxb7 h5 37. Rxa7 h4 38. Rc7 h3 39. Rxc6+ Kg7 40. Rc5 Kg6 1/2-1/2

[Event "Verbandsliga Mittelrhein-Ost 1213"]
[Site "Germany"]
[Date "2012.09.09"]
[Round "1.8"]
[White "Lorenz, Steffen"]
[Black "Gruebner, Christopher"]
[Result "1/2-1/2"]
[WhiteElo "1854"]
[BlackElo "1977"]
[PlyCount "43"]
[EventDate "2012.09.09"]
[EventType "team"]
[EventRounds "11"]
[EventCountry "GER"]
[SourceTitle "EXT 2015"]
[Source "ChessBase"]
[SourceDate "2014.11.20"]
[SourceVersion "1"]
[SourceVersionDate "2014.11.20"]
[SourceQuality "1"]
[WhiteTeam "Bonn Beuel"]
[BlackTeam "Rheinbacher SF"]
[WhiteTeamCountry "GER"]
[BlackTeamCountry "GER"]

1. e4 d6 2. d4 Nf6 3. Nc3 g6 4. Bg5 Bg7 5. e5 Nfd7 6. Nf3 dxe5 7. dxe5 Nc6 8. e6 fxe6 9. Bb5 Nce5 10. Nxe5 Bxe5 11. Qe2 c6 12. Bc4 Bf6 13. Bxf6 Nxf6 14. Bxe6 Bxe6 15. Qxe6 Qd6 16. Qe2 Kf7 17. 0-0 Qe6 18. Rfe1 Qxe2 19. Rxe2 Rad8 20. Rae1 Rhe8 21. f3 h6 22. g3 1/2-1/2

[Event "Troisdorf op"]
[Site "Troisdorf"]
[Date "2011.10.25"]
[Round "1"]
[White "Gillar, Frank"]
[Black "Lorenz, Steffen"]
[Result "1/2-1/2"]
[WhiteElo "1522"]
[BlackElo "1877"]
[PlyCount "86"]
[EventDate "2011.10.25"]
[EventType "swiss"]
[EventRounds "7"]
[EventCountry "GER"]
[SourceTitle "EXT 2013"]
[Source "ChessBase"]
[SourceDate "2012.11.22"]
[SourceVersion "1"]
[SourceVersionDate "2012.11.22"]
[SourceQuality "1"]

1. d4 g6 2. c4 Bg7 3. Nc3 Nf6 4. e4 d6 5. f3 0-0 6. Bd3 c5 7. Nge2 Nc6 8. d5 Ne5 9. Be3 a6 10. Qd2 Nfd7 11. 0-0 Nxd3 12. Qxd3 Ne5 13. Qc2 Nxc4 14. Bf2 b5 15. Rac1 f5 16. a4 b4 17. b3 Ne5 18. Nd1 fxe4 19. Qxe4 Bf5 20. Qe3 Qd7 21. Nb2 Nxf3+ 22. Qxf3 Bxb2 23. Rc4 e5 24. Ng3 Bd4 25. Qe2 Bg4 26. Qd3 Bf5 27. Qe2 Rae8 28. Be3 Bg4 29. Qd3 Rxf1+ 30. Nxf1 Qf7 31. Rc1 Qxd5 32. Qxa6 Qxb3 33. Bxd4 exd4 34. Qxd6 Be2 35. a5 d3 36. Qxc5 Bxf1 37. Rxf1 d2 38. Qd6 Qe3+ 39. Kh1 Kg7 40. a6 b3 41. Qf6+ Kh6 42. Qh4+ Kg7 43. Qf6+ Kh6 1/2-1/2

[Event "Troisdorf op "]
[Site "Troisdorf"]
[Date "2010.12.07"]
[Round "7"]
[White "Lorenz, Steffen"]
[Black "Behl, Torsten"]
[Result "0-1"]
[WhiteElo "1910"]
[BlackElo "2028"]
[PlyCount "64"]
[EventDate "2010.10.26"]
[EventType "swiss"]
[EventRounds "7"]
[EventCountry "GER"]
[SourceTitle "EXT 2013"]
[Source "ChessBase"]
[SourceDate "2012.11.22"]
[SourceVersion "1"]
[SourceVersionDate "2012.11.22"]
[SourceQuality "1"]

1. e4 c5 2. Nf3 d6 3. d4 cxd4 4. Nxd4 Nf6 5. Nc3 a6 6. Bc4 e6 7. Bb3 Be7 8. Be3 Nbd7 9. f4 Nc5 10. Qf3 Qc7 11. 0-0-0 b5 12. Qg3 b4 13. e5 bxc3 14. exf6 Bxf6 15. bxc3 Nxb3+ 16. Nxb3 Bxc3 17. f5 Be5 18. Bf4 f6 19. Bxe5 dxe5 20. Qf3 Rb8 21. Qh5+ Ke7 22. Qg4 Rg8 23. Rd2 exf5 24. Qh4 Be6 25. Rhd1 f4 26. Qxh7 a5 27. Qe4 Rb4 28. Qd3 a4 29. Na1 Rgb8 30. Qa3 Kf7 31. c3 Rb1+ 32. Kc2 Bf5+ 0-1

[Event "Troisdorf op "]
[Site "Troisdorf"]
[Date "2010.10.26"]
[Round "1"]
[White "Roenker, Sebastian"]
[Black "Lorenz, Steffen"]
[Result "0-1"]
[WhiteElo "1596"]
[BlackElo "1910"]
[PlyCount "50"]
[EventDate "2010.10.26"]
[EventType "swiss"]
[EventRounds "7"]
[EventCountry "GER"]
[SourceTitle "EXT 2013"]
[Source "ChessBase"]
[SourceDate "2012.11.22"]
[SourceVersion "1"]
[SourceVersionDate "2012.11.22"]
[SourceQuality "1"]

1. e4 d6 2. f4 g6 3. Nf3 Bg7 4. d4 Nf6 5. Nc3 0-0 6. h3 c5 7. Be3 cxd4 8. Nxd4 Nc6 9. Be2 Nd7 10. f5 Qb6 11. Nd5 Qa5+ 12. c3 Nde5 13. 0-0 Bd7 14. Nxc6 Nxc6 15. f6 exf6 16. Rxf6 Be6 17. Rf3 Bxd5 18. b4 Qc7 19. Qxd5 Bxc3 20. Raf1 Rae8 21. Bc4 Ne5 22. Rxf7 Rxf7 23. Bb3 Kg7 24. Bf4 Ref8 25. Bxe5+ Bxe5 0-1

[Event "Troisdorf op"]
[Site "Troisdorf"]
[Date "2009.12.08"]
[Round "7"]
[White "Wenner, Heinz"]
[Black "Lorenz, Steffen"]
[Result "1-0"]
[WhiteElo "1779"]
[BlackElo "1882"]
[PlyCount "178"]
[EventDate "2009.10.27"]
[EventType "swiss"]
[EventRounds "7"]
[EventCountry "GER"]
[SourceTitle "EXT 2011"]
[Source "ChessBase"]
[SourceDate "2010.11.26"]
[SourceVersion "1"]
[SourceVersionDate "2010.11.26"]
[SourceQuality "1"]

1. e4 d6 2. d4 Nf6 3. Nc3 g6 4. Bc4 Bg7 5. f3 c6 6. Bb3 Nbd7 7. Be3 b5 8. a3 a6 9. Qd2 Qc7 10. Nge2 Bb7 11. Bf4 c5 12. Ba2 cxd4 13. Nxd4 0-0 14. Be3 Ne5 15. Rb1 Rac8 16. 0-0 Nc4 17. Bxc4 Qxc4 18. Rfe1 Nd7 19. h3 Rfd8 20. Nce2 d5 21. exd5 Qxd5 22. Nc3 Qc4 23. Qf2 Nf8 24. Nce2 Qc7 25. Nb3 Rd6 26. c3 e5 27. Rbd1 Ne6 28. Rxd6 Qxd6 29. Rf1 Bd5 30. Rd1 Qc6 31. Na5 Qa8 32. Rd2 Bf8 33. f4 Nc5 34. Ng3 exf4 35. Qxf4 Re8 36. Qg5 Ne4 37. Nxe4 Bxe4 38. Qf4 Bf5 39. Bd4 Re1+ 40. Kf2 Re4 41. Qf3 Bh6 42. Qd1 Bxd2 43. Qxd2 Qd8 44. Nb3 Qh4+ 45. Kf3 g5 46. g3 Qh5+ 47. Kf2 Bxh3 48. Bf6 Re8 49. Qxg5+ Qxg5 50. Bxg5 Bg4 51. Nd4 Be6 52. Be3 Kg7 53. Kf3 Kg6 54. Bf4 Bd5+ 55. Kf2 f5 56. Ne2 Kh5 57. Bc7 Re7 58. Nf4+ Kh6 59. Nxd5 Rd7 60. Bf4+ Kg6 61. Nb4 Rd1 62. Nxa6 Rb1 63. b4 Rb3 64. Be5 Rxa3 65. Nc7 Ra2+ 66. Ke3 Kf7 67. Bf4 Ke7 68. Nxb5 Kd7 69. Nd4 Ra3 70. Kd3 Ra1 71. Nxf5 Rd1+ 72. Kc4 Kc6 73. Nd4+ Kb6 74. Ne6 Rf1 75. Ng5 h5 76. Ne4 h4 77. Be3+ Kc6 78. gxh4 Re1 79. b5+ Kc7 80. Bf4+ Kb6 81. Nf6 Rb1 82. Nd5+ Kb7 83. Kc5 Rh1 84. Bg5 Rd1 85. c4 Rf1 86. Ne7 Kc7 87. b6+ Kb7 88. Nd5 Rf3 89. Bd8 Rf2 1-0

[Event "Troisdorf op"]
[Site "Troisdorf"]
[Date "2008.10.14"]
[Round "1"]
[White "Bonus, Jonas"]
[Black "Lorenz, Steffen"]
[Result "0-1"]
[WhiteElo "1417"]
[BlackElo "1858"]
[PlyCount "56"]
[EventDate "2008.10.14"]
[EventType "swiss"]
[EventRounds "7"]
[EventCountry "GER"]
[SourceTitle "EXT 2011"]
[Source "ChessBase"]
[SourceDate "2010.11.26"]
[SourceVersion "1"]
[SourceVersionDate "2010.11.26"]
[SourceQuality "1"]

1. d4 g6 2. e4 Bg7 3. Nf3 d6 4. Bc4 Nf6 5. Ng5 0-0 6. Qf3 Nc6 7. d5 Ne5 8. Qb3 h6 9. h4 hxg5 10. hxg5 Nxe4 11. Qe3 Bf5 12. Qf4 f6 13. gxf6 exf6 14. f3 Nxc4 15. fxe4 Bxe4 16. Nd2 Nxd2 17. Bxd2 Bxc2 18. Rc1 Re8+ 19. Kf2 Re5 20. Qg3 Bf5 21. Qh2 g5 22. Rc3 Qe7 23. g4 Re2+ 24. Kg3 Rxh2 25. Rxh2 Qe5+ 26. Kh3 Bxg4+ 27. Kxg4 Qxh2 28. Rxc7 Qxd2 0-1

[Event "Troisdorf op"]
[Site "Troisdorf"]
[Date "2006.11.28"]
[Round "6"]
[White "Kohler, Otto"]
[Black "Lorenz, Steffen"]
[Result "1/2-1/2"]
[WhiteElo "1867"]
[BlackElo "1802"]
[PlyCount "48"]
[EventDate "2006.10.24"]
[EventType "swiss"]
[EventRounds "7"]
[EventCountry "GER"]
[SourceTitle "EXT 2011"]
[Source "ChessBase"]
[SourceDate "2010.11.26"]
[SourceVersion "1"]
[SourceVersionDate "2010.11.26"]
[SourceQuality "1"]

1. d4 Nf6 2. c4 e5 3. dxe5 Ng4 4. Nc3 Bc5 5. Ne4 Qh4 6. Nh3 Bb4+ 7. Bd2 Ne3 8. Qb1 Bxd2+ 9. Nxd2 Nxc4 10. Qc2 Nxd2 11. Qxd2 0-0 12. Nf4 Nc6 13. g3 Qe7 14. Nd5 Qxe5 15. Bg2 b6 16. 0-0 Bb7 17. f4 Qd6 18. Rad1 Qc5+ 19. Qe3 Qxe3+ 20. Nxe3 Rfe8 21. Rxd7 Rxe3 22. Rxc7 Rb8 23. Bxc6 Bxc6 24. Rxc6 Rxe2 1/2-1/2

[Event "Troisdorf op"]
[Site "Troisdorf"]
[Date "2006.11.14"]
[Round "4"]
[White "Lorenz, Steffen"]
[Black "Lamprecht, Mark"]
[Result "0-1"]
[WhiteElo "1802"]
[BlackElo "2104"]
[PlyCount "94"]
[EventDate "2006.10.24"]
[EventType "swiss"]
[EventRounds "7"]
[EventCountry "GER"]
[SourceTitle "EXT 2011"]
[Source "ChessBase"]
[SourceDate "2010.11.26"]
[SourceVersion "1"]
[SourceVersionDate "2010.11.26"]
[SourceQuality "1"]

1. e4 c6 2. d4 d5 3. Nc3 dxe4 4. Bc4 Nf6 5. f3 exf3 6. Nxf3 Bf5 7. Ne5 e6 8. Rf1 Bg6 9. Bg5 Be7 10. Qd2 Nbd7 11. Nxg6 hxg6 12. h4 Nb6 13. Be2 Nbd5 14. Nxd5 Nxd5 15. 0-0-0 Nf6 16. Qf4 Qa5 17. Kb1 0-0-0 18. c4 Qf5+ 19. Bd3 Qxf4 20. Rxf4 Rd7 21. Kc2 Rhd8 22. Be2 Rh8 23. Bd3 Bd8 24. Be2 Bc7 25. Rxf6 gxf6 26. Bxf6 Rh7 27. g4 Bd8 28. Bxd8 Rxd8 29. h5 gxh5 30. gxh5 Rg8 31. d5 Rg2 32. Kd3 cxd5 33. cxd5 exd5 34. Ke3 Rxe2+ 35. Kxe2 Rxh5 36. Rf1 Rh2+ 37. Kd3 Rxb2 38. Rxf7 Rxa2 39. Kd4 Rc2 40. Kxd5 a5 41. Kd6 Rc6+ 42. Kd5 Kb8 43. Rf3 Ka7 44. Ra3 Ka6 45. Ra1 Rc2 46. Kd6 b5 47. Re1 a4 0-1

[Event "Troisdorf op"]
[Site "Troisdorf"]
[Date "2006.11.07"]
[Round "3"]
[White "Akstinat, Sven Holger"]
[Black "Lorenz, Steffen"]
[Result "0-1"]
[WhiteElo "2048"]
[BlackElo "1802"]
[PlyCount "68"]
[EventDate "2006.10.24"]
[EventType "swiss"]
[EventRounds "7"]
[EventCountry "GER"]
[SourceTitle "EXT 2011"]
[Source "ChessBase"]
[SourceDate "2010.11.26"]
[SourceVersion "1"]
[SourceVersionDate "2010.11.26"]
[SourceQuality "1"]

1. e4 g6 2. d4 Bg7 3. Nc3 d6 4. Bg5 h6 5. Bh4 c5 6. dxc5 Qa5 7. Qd2 Qxc5 8. f4 Nf6 9. Nf3 Nc6 10. Bd3 Bg4 11. Bf2 Qb4 12. 0-0 Bxf3 13. gxf3 Qa5 14. Be3 Nd7 15. a3 Bd4 16. Bxd4 Nxd4 17. b4 Qh5 18. Qe3 e5 19. Nd5 0-0 20. Kh1 Qh4 21. Rg1 Nf6 22. Nxf6+ Qxf6 23. f5 Kh7 24. c3 Nc6 25. Rg2 Rg8 26. Rag1 gxf5 27. exf5 Rxg2 28. Rxg2 Rg8 29. Rxg8 Kxg8 30. b5 Ne7 31. Qxa7 Nxf5 32. Qxb7 Ne3 33. Be4 Qh4 34. Bh7+ Kg7 0-1

[Event "Troisdorf op"]
[Site "Troisdorf"]
[Date "2005.11.08"]
[Round "3.3"]
[White "Lorenz, Steffen"]
[Black "Ivic, Roman Eric"]
[Result "0-1"]
[WhiteElo "1821"]
[BlackElo "2118"]
[PlyCount "86"]
[EventDate "2005.10.18"]
[EventType "swiss"]
[EventRounds "7"]
[EventCountry "GER"]
[SourceTitle "EXT 2006"]
[Source "ChessBase"]
[SourceDate "2005.11.24"]
[SourceVersion "1"]
[SourceVersionDate "2005.11.24"]
[SourceQuality "1"]

1. e4 c5 2. d4 cxd4 3. c3 dxc3 4. Nxc3 Nc6 5. Bc4 e6 6. Nf3 a6 7. 0-0 b5 8. Bb3 Bc5 9. Bg5 f6 10. Bf4 Nge7 11. Rc1 Qb6 12. Bd6 Bxd6 13. Qxd6 Rb8 14. Qg3 0-0 15. Rfd1 Na5 16. Rd6 Qc7 17. Ne2 Nc4 18. Bxc4 bxc4 19. b3 e5 20. Rdd1 Qa5 21. bxc4 Qxa2 22. Nc3 Qa3 23. Nd5 Nxd5 24. exd5 d6 25. Ra1 Qb4 26. Nd2 Bf5 27. Qa3 Qxa3 28. Rxa3 Rb6 29. Rda1 Ra8 30. f3 Kf7 31. Kf2 h5 32. c5 Rb2 33. Ke3 dxc5 34. Rxa6 Rd8 35. Ra7+ Kg6 36. g4 hxg4 37. fxg4 Bc8 38. Ra8 Rxd5 39. Rxc8 Rbxd2 40. Rc1 Rxh2 41. Rc7 Rh3+ 42. Kf2 Rd2+ 43. Ke1 Rb2 0-1

[Event "Troisdorf op"]
[Site "Troisdorf"]
[Date "2005.10.25"]
[Round "2.4"]
[White "Meissner, Wolf Dieter"]
[Black "Lorenz, Steffen"]
[Result "1/2-1/2"]
[WhiteElo "2003"]
[BlackElo "1821"]
[PlyCount "77"]
[EventDate "2005.10.18"]
[EventType "swiss"]
[EventRounds "7"]
[EventCountry "GER"]
[SourceTitle "EXT 2006"]
[Source "ChessBase"]
[SourceDate "2005.11.24"]
[SourceVersion "1"]
[SourceVersionDate "2005.11.24"]
[SourceQuality "1"]

1. e4 d6 2. d4 Nf6 3. Nc3 g6 4. Be3 Bg7 5. f3 c6 6. Qd2 Nbd7 7. Bc4 b5 8. Bb3 Nb6 9. Qe2 0-0 10. a4 bxa4 11. Nxa4 Nxa4 12. Rxa4 Nd7 13. Ra2 c5 14. dxc5 Nxc5 15. Bc4 Qb6 16. c3 a5 17. h4 h5 18. Nh3 Ba6 19. 0-0 Bxc4 20. Qxc4 Qb3 21. Qxb3 Nxb3 22. Rd1 a4 23. Nf2 Rfc8 24. Rd5 a3 25. Rxa3 Rxa3 26. bxa3 Rxc3 27. Nd1 Rc2 28. Rb5 Nd4 29. Rb8+ Kh7 30. Kf1 Ne2 31. Bf2 Be5 32. Rb7 Ng3+ 33. Bxg3 Bxg3 34. Rxe7 Kg7 35. Rb7 Rd2 36. Rb1 Ra2 37. Rb3 Rd2 38. Rb1 Ra2 39. Rb3 1/2-1/2